000 00618nam a2200205 a 4500
001 42143
003 Mx-PuUPA
005 20241003133710.0
008 140415s2000 000 0 spa d
020 _a9682001501
040 _cMx-PuUPA
041 0 _aspa
082 0 4 _a616.152
_bROS
100 1 _aLlano Cifuentes, Carlos,
_eautor
245 1 0 _aExamen filosófico del acto de la decisión /
_cCarlos Llano Cifuentes
250 _aPrimera edición
264 1 _aCiudad de México :
_bUniversidad Panamericana,
_c1998
942 _2ddc
_cLI
999 _c42143
_d42143